000 00546nam a2200145Ia 4500
008 100204s9999 xx 000 0 und d
082 _b15238
100 _aवाळिंबे वि. स.
245 _aबासष्टचे गुन्हेगार
260 _b"कुलस्वामिनी प्रकाशन , डोंबिवली"
_c1991
300 _a200
630 _aबासष्टचे गुन्हेगार
730 _aबासष्टचे गुन्हेगार
942 _cBOOK
999 _c459669
_d459666